[Event "Cap Aurora FISCA op"]
[Site "Cap Aurora"]
[Date "2022.06.25"]
[Round "4"]
[White "Nacu, Mihai"]
[Black "Dobra, Costica"]
[Result "1/2-1/2"]
[WhiteElo "1641"]
[BlackElo "1837"]
[PlyCount "83"]
[EventDate "2022.06.22"]
[EventType "swiss"]
[EventRounds "9"]
[EventCountry "ROU"]
[SourceTitle "EXT 2023"]
[Source "ChessBase"]
[SourceDate "2022.10.05"]
[SourceVersion "1"]
[SourceVersionDate "2022.10.05"]
[SourceQuality "1"]

1. c4 Nf6 2. Nc3 g6 3. g3 Bg7 4. Bg2 0-0 5. Nf3 c5 6. 0-0 Nc6 7. d4 cxd4 8. Nxd4 Qb6 9. Nb3 Qb4 10. Nd2 Qc5 11. e3 d6 12. a3 Bg4 13. Qc2 Qh5 14. f3 Be6 15. b4 Ne5 16. Rb1 Nxc4 17. Nxc4 Bxc4 18. Re1 Be6 19. Bb2 Rfc8 20. Qf2 a6 21. e4 Rc4 22. Bf1 Rc7 23. Ne2 Rc2 24. Rec1 Rac8 25. Rxc2 Rxc2 26. Nf4 Rxf2 27. Nxh5 Rxb2 28. Rxb2 Nxh5 29. Rc2 Bd4+ 30. Kg2 Bb6 31. Bc4 a5 32. Bxe6 fxe6 33. Rc8+ Kf7 34. Rb8 axb4 35. Rxb7 Be3 36. axb4 d5 37. b5 g5 38. b6 Bd4 39. Rb8 Nf6 40. b7 Be5 41. Rd8 dxe4 42. fxe4 1/2-1/2

[Event "Bucharest op"]
[Site "Bucharest"]
[Date "2007.09.??"]
[Round "?"]
[White "Daianu, Cristian Clement"]
[Black "Dobra, Costica"]
[Result "1-0"]
[WhiteElo "2245"]
[BlackElo "2045"]
[PlyCount "59"]
[EventDate "2007.09.??"]
[EventType "swiss"]
[EventRounds "9"]
[EventCountry "ROU"]
[SourceTitle "EXT 2010"]
[Source "ChessBase"]
[SourceDate "2010.11.25"]
[SourceVersion "1"]
[SourceVersionDate "2010.11.25"]
[SourceQuality "1"]

1. e4 e6 2. d4 d5 3. Nd2 dxe4 4. Nxe4 Nd7 5. Nf3 Ngf6 6. Ng3 c5 7. Bd3 Be7 8. c3 b6 9. Qe2 0-0 10. 0-0 Qc7 11. Ne5 Rd8 12. Re1 Nf8 13. Be3 Bb7 14. Nh5 Ng6 15. f4 Nd5 16. Bd2 Rac8 17. Qg4 cxd4 18. cxd4 Bb4 19. Rad1 Bxd2 20. Rxd2 Nde7 21. Nxf7 Kxf7 22. Qxe6+ Kf8 23. f5 Bd5 24. Qe3 Bxa2 25. fxg6 hxg6 26. Rf2+ Bf7 27. Ref1 Nf5 28. Bxf5 gxf5 29. Rxf5 Rd7 30. Qg5 1-0